000 01872nam0a2200373 4500
001 RU\NLR\bibl\1830806
005 20260408194147.0
010 _a978-5-358-09247-1
_91500
021 _aRU
_b2011-80592
_95740
035 _a(NLR Aleph) 001821309
090 _a2009516
_c2009516
100 _a20111109d2011 |||y0rusy50 ca
101 0 _arus
102 _aRU
105 _ay |||||||||
200 1 _aМетодическое руководство для учителя
_e3 класс
_e[для зарубежных школ]
_fВ.В. Дронов, И.В. Мальцева, В.П. Синячкин [и др.
_gавт. идеи: Е.В. Загорулько
_gФонд Русский мир и др.]
210 _aМосква
_cДрофа
_d2011
215 _a127, [1] с.
_d20
225 1 _aСерия "Русский язык и чтение для зарубежных школ"
300 _aВ надзаг. также: Russische internationale schule, Рос. ун-т дружбы народов
606 1 _aРусский язык
_jУчебно-методические пособия
_xПреподавание нерусским
_xНачальная школа
_92449060
_3RU\NLR\auth\661456272
606 _aРусский язык
_xПреподавание
_yЗарубежные страны
_jУчебно-методические пособия
_3RU\NLR\auth\661355137
_92259982
686 _aЧ426.132,01я7
686 _aЧ426.13(3)я7
701 1 _aДронов
_bВ. В.
_gВладимир Васильевич
_4070
701 1 _aМальцева
_bИ. В.
_gИрина Владимировна
_4070
701 1 _aСинячкин
_bВ. П.
_gВладимир Павлович
_4070
801 0 _aRU
_bNLR
_c20111109
_gRCR
801 1 _aRU
_bNLR
_c20111109
830 _aавт. по кн.
942 _cBOOK
980 _aNB
980 _aNBR